| 000 | 00440nam a2200145 4500 | ||
|---|---|---|---|
| 001 | 138320 | ||
| 003 | ES-MaACL | ||
| 007 | t| | ||
| 008 | 070214s1941 sp r ||||1| spa d | ||
| 100 | 1 |
_aSanchís Olmos, Vicente. _9103018 |
|
| 245 | 1 | 0 |
_aManual de Clínica ortopédica infantil / _cV. Sanchís Olmos. |
| 260 |
_aBarcelona : _bEd. Científico-Médica, _c1941. |
||
| 300 |
_a351 p. : _bil. ; _c23 cm. |
||
| 852 |
_aES-MaACL _jE-429 _bR.19358 |
||
| 999 |
_c138320 _d138320 |
||